| 000 | 00566nam a2200205 i 4500 | ||
|---|---|---|---|
| 001 | 20222 | ||
| 003 | ES-MaACL | ||
| 005 | 20230906152246.0 | ||
| 007 | t| | ||
| 008 | 021108s1970 mx |||| | spa d | ||
| 100 | 1 |
_aAgudelo, William. _918646 |
|
| 245 | 1 | 0 |
_aNuestro lecho es de flores / _cWilliam Agudelo. |
| 250 | _a1ª ed. | ||
| 260 |
_aMéxico : _bJoaquín Mortiz, _c1970. |
||
| 300 |
_a436 p. ; _c20 cm. |
||
| 490 | 1 | _aNueva narrativa hispánica | |
| 830 | 0 |
_aNueva narrativa hispánica _9180692 |
|
| 852 |
_aES-MaACL _jE-10031 |
||
| 999 |
_c20222 _d20222 |
||